00886nam a22002417a 4500003001100000005001700011008004100028020001500069040003900084041000800123082001500131100002000146130009500166245005800261260003900319300001900358490006100377650004400438650003100482650004800513650006100561700002200622LK-CoMWRAF20231213103105.0231213b2001 |||||||| |||| 00| 0 eng d a9555820198 aLK-CoMWRAFdLK-CoMWRAFeLK-CoMWRAF aeng a303.69bDE a De Silva, C.R. aA history of ethnic conflict in Sri Lanka: recollection, reinterpretation & reconciliation a The role of the sangha in the reconciliation process aColombo:b Marga Institute, c2001 a34 p. ; 23 cm  aMarga monograph series on ethnic reconciliation vno. 16 aBuddhism and social problems- Sri Lanka aEthnic conflict- Sri Lanka aReconciliation- Religious aspects- Buddhism aTamil (Indic people)- Sri Lanka- Politics and government aBartholomeusz, T.